000 00881nam#a22002775a#4500
001 623
008 071113s2007####ag#####g#||||#|01#||spa#|
245 1 0 _aMiradas sobre el mundo de la matemática :
_bUna curiosa selección de textos /
_cMinisterio de Educación, Ciencia y Tecnología de la Nación.
250 _a2007.
260 _aBuenos Aires :
_bEudeba,
_c2007.
300 _a85 p. ;
_c24 cm.
110 2 _aMinisterio de Educación, Ciencia y Tecnología de la Nación.
080 _a51 : 57
084 _aM63
653 _aHombre del renacimiento
653 _aMatematizando el cuerpo humano
653 _aBordados matemáticos y arte
653 _aGeometría no euclídea
653 _aMetalenguajes
653 _aMatríces mágicas
653 _aMétodos axiomático
040 _aAR-ClEAG
_cAR-ClEAG
005 20241107184641.0
003 AR-ClEAG
942 _cBK
999 _c623
_d623
980 _62
_aEvangelina Gallicchio
_82
_gEvangelina Gallicchio